| 000 | 01354cam a22003734a 4500 | ||
|---|---|---|---|
| 999 |
_c3689 _d3689 |
||
| 001 | 2630703 | ||
| 003 | Nust | ||
| 005 | 20170105101222.0 | ||
| 008 | 990326s2000 maua b 001 0 eng | ||
| 010 | _a 99028131 | ||
| 020 | _a0073659487 | ||
| 035 | _a(DLC) 99028131 | ||
| 040 |
_aDLC _cDLC _dDLC |
||
| 042 | _apcc | ||
| 050 | 0 | 0 |
_aHF1025 _b.F5 2000 |
| 082 | 0 | 0 |
_a338.9 _221 |
| 100 | 1 |
_aFik, T. J. _q(Timothy Joseph), _d1957- |
|
| 245 | 1 | 4 |
_aThe geography of economic development : _bregional changes, global challenges / _cTimothy J. Fik. |
| 250 | _a2nd ed. | ||
| 260 |
_aBoston : _bMcGraw-Hill, _cc2000. |
||
| 300 |
_axii, 294 p. : _bill. ; _c29 cm. |
||
| 504 | _aIncludes bibliographical references and index. | ||
| 650 | 0 | _aEconomic geography. | |
| 650 | 0 | _aSpace in economics. | |
| 650 | 0 | _aEconomic development. | |
| 650 | 0 | _aRegional economics. | |
| 650 | 0 |
_aPopulation _xEconomic aspects. |
|
| 856 | 4 | 2 |
_3Publisher description _uhttp://www.loc.gov/catdir/description/mh023/99028131.html |
| 856 | 4 | 1 |
_3Table of contents _uhttp://www.loc.gov/catdir/toc/mh023/99028131.html |
| 906 |
_a7 _bcbc _corignew _d1 _eocip _f19 _gy-gencatlg |
||
| 942 |
_2ddc _cBK |
||